CLIMATE DESIGN AND PLANNING FOR THE AGE OF CLIMATE / (Record no. 588681)
[ view plain ]
| 000 -LEADER | |
|---|---|
| fixed length control field | 00342nam a22001337a 4500 |
| 020 ## - INTERNATIONAL STANDARD BOOK NUMBER | |
| Qualifying information | PB. |
| 040 ## - CATALOGING SOURCE | |
| Transcribing agency | FIZZA ISHAQ |
| 082 ## - DEWEY DECIMAL CLASSIFICATION NUMBER | |
| Classification number | 720.222 |
| Author Mark | PET |
| 100 ## - MAIN ENTRY--PERSONAL NAME | |
| Personal name | DROEGE, PETER. |
| 9 (RLIN) | 90482 |
| 245 ## - TITLE STATEMENT | |
| Title | CLIMATE DESIGN AND PLANNING FOR THE AGE OF CLIMATE / |
| Statement of responsibility, etc. | PETER DROEGE. |
| 260 ## - PUBLICATION, DISTRIBUTION, ETC. | |
| Name of publisher, distributor, etc. | ORO EDITIONS, |
| Date of publication, distribution, etc. | 2010. |
| 300 ## - PHYSICAL DESCRIPTION | |
| Extent | 280 P. ; |
| 942 ## - ADDED ENTRY ELEMENTS (KOHA) | |
| Source of classification or shelving scheme | |
| Koha item type | Book |
| Withdrawn status | Lost status | Source of classification or shelving scheme | Damaged status | Not for loan | Permanent Location | Current Location | Date acquired | Total Checkouts | Full call number | Barcode | Date last seen | Price effective from | Koha item type |
|---|---|---|---|---|---|---|---|---|---|---|---|---|---|
| NUST Baluchistan Campus (NBC) | NUST Baluchistan Campus (NBC) | 03/08/2022 | 720.222 PET | Q-2927 | 03/08/2022 | 03/08/2022 | Book |
